00459nam a2200169Ia 4500003000400000005001700004008004100021020002200062040000700084041000800091082002200099100000900121245009400130260003600224300001600260365001300276OSt20230429104835.0210423s2008 xx 000 0 und d a978-0-312-38863-8 cAL aeng a299.93 223bOSHM aOSHO aMan who loved seagullsbEssential life lessons from the worlds greatest wisdom traditions aNewyorkbSt Martins pressc2008 axii,252bPB b450cINR